000 00937cam a2200277 4500
001 L137373
008 070403s2007 xxk f 000 0 eng d
020 _a9781904829553
022 1 _a0261-2933
035 _a(Sirsi) u137373
041 0 _aeng
050 0 4 _a692.5 $2 18
110 2 _aBuilding Maintenance Information
_93229
245 0 0 _aBMI building maintenance price book 2007
250 _a27th ed.
260 _aLondon
_bBCIS
_c2007
300 _a254p.
_c22cm.
350 _a99.50
505 2 _aIntroduction -- Basic costs -- Labour constants -- Measured rates
520 _aAims to represent reasonable prices for maintenance and repair work and as such provides a realistic and useful source of maintenance cost information for estimating and pricing.
520 _aSupersedes 26th edition (E133305).
590 _aKA
651 4 _aUnited Kingdom
_y
690 _aBUILT ENVIRONMENT-BUILDING COSTS
942 _n0
999 _c106757
_d106757